| 000 | 00765nam a2200205 a 4500 | ||
|---|---|---|---|
| 001 | BRCA_898 | ||
| 005 | 20190320203210.0 | ||
| 008 | 031105s1996----sp-a---###---#000-0#spa-d | ||
| 020 | _a8447203107 | ||
| 050 | 4 |
_aNK716 _b.S36 1996 |
|
| 100 | 1 |
_aSanz, María Jesús _92987 |
|
| 245 | 1 | 0 |
_aUna hermandad gremial _bSan Eloy de los plateros : 1341-1914 _cMaría Jesús Sanz. |
| 260 |
_aSevilla _bUniversidad de Sevilla, Secretariado de Publicaciones _c1996 |
||
| 300 |
_a331 p. _bil. (algunas a color) _c24 cm. |
||
| 500 | _aIncluye índice de ilustraciones, fuentes documentales y apéndice documental | ||
| 504 | _aBibliografía : p. [301]-304 | ||
| 650 | 1 | 4 |
_aPlateros _xHistoria _zEspaña (Sevilla) _92988 |
| 650 | 1 | 4 |
_aPlateros españoles _xGremios _92989 |
| 942 |
_2lcc _cB |
||
| 999 |
_c792 _d792 |
||